[Event "DEM U10/U10w 2009"]
[Site "Willingen GER"]
[Date "2009.06.03"]
[Round "7"]
[White "Phenn, Jan-Niklas"]
[Black "Rost, Henning"]
[Result "0-1"]
[Termination "normal"]
[Board "28"]
[WhiteElo "1172"]
[BlackElo "880"]
[PlyCount "50"]
[WhiteFideId "12954985"]
[EventCountry "GER"]
[EventRounds "11"]
[EventType "swiss"]
[EventDate "2009.05.30"]

1. d4 d5 2. c4 Nc6 3. Nc3 Nf6 4. Nf3 Bf5 5. e3 e6 6. Be2 Nb4 7. O-O Ne4 8. a3
Nc6 9. Re1 Nxc3 10. bxc3 Be7 11. Bd3 Bg4 12. h3 Bh5 13. Rb1 Rb8 14. e4 O-O 15.
e5 f6 16. exf6 Rxf6 17. Re3 Qd7 18. Qc2 g6 19. g4 Bxg4 20. hxg4 e5 21. dxe5
Qxg4+ 22. Kf1 Rxf3 23. Rxf3 Qxf3 24. cxd5 Qxd5 25. Qe2 Qh1# 0-1

[Event "DEM U10/U10w 2009"]
[Site "Willingen GER"]
[Date "2009.06.03"]
[Round "7"]
[White "Schaefer, Matthes"]
[Black "Pohl, Jannik"]
[Result "0-1"]
[Termination "normal"]
[Board "30"]
[WhiteElo "1311"]
[BlackElo "883"]
[PlyCount "98"]
[WhiteFideId "12946117"]
[EventCountry "GER"]
[EventRounds "11"]
[EventType "swiss"]
[EventDate "2009.05.30"]

1. e4 e5 2. Nf3 Nc6 3. d4 d6 4. d5 Nce7 5. Nc3 Bg4 6. Bg5 Nf6 7. Be2 Ng6 8. h3
Bxf3 9. Bxf3 h6 10. Be3 Be7 11. O-O O-O 12. Qd2 Qd7 13. Rad1 Rad8 14. Be2 a6
15. a4 c6 16. b4 cxd5 17. exd5 Rc8 18. b5 axb5 19. Bxb5 Qc7 20. Ne2 Qxc2 21.
Qxc2 Rxc2 22. Bb6 Bd8 23. Be3 Ba5 24. Bd3 Rcc8 25. Bb5 Ne7 26. Ng3 Nfxd5 27.
Nf5 Nxf5 28. Rxd5 Nxe3 29. fxe3 Rfd8 30. Bd3 Rc5 31. Rxc5 dxc5 32. Bc4 Rd7 33.
g4 g5 34. Kg2 Kg7 35. Kg3 f6 36. Bb5 Rc7 37. Bc4 Bd2 38. Kf3 b6 39. Rd1 Ba5 40.
Ke4 Kg6 41. Rf1 Re7 42. Rf5 h5 43. Rf1 hxg4 44. hxg4 Rh7 45. Rf3 Rh4 46. Be6 c4
47. Rf2 c3 48. Bf5+ Kf7 49. Rc2 Rh1 0-1

[Event "DEM U10/U10w 2009"]
[Site "Willingen GER"]
[Date "2009.06.03"]
[Round "7"]
[White "Moses, Selina"]
[Black "Kasel, Mario"]
[Result "0-1"]
[Termination "normal"]
[Board "31"]
[WhiteElo "1044"]
[BlackElo "1234"]
[PlyCount "134"]
[WhiteFideId "12908070"]
[BlackFideId "24660957"]
[EventCountry "GER"]
[EventRounds "11"]
[EventType "swiss"]
[EventDate "2009.05.30"]

1. e4 e5 2. Nf3 Nc6 3. Bc4 Nf6 4. d3 Bc5 5. c3 d6 6. h3 h6 7. Nbd2 Be6 8. Bb3
O-O 9. O-O d5 10. Re1 d4 11. Nf1 Qd6 12. Ng3 Rfd8 13. Bc2 Rd7 14. Nf5 Bxf5 15.
exf5 Rad8 16. a3 dxc3 17. bxc3 e4 18. Nd2 exd3 19. Bb3 Qf4 20. Qf3 Nh5 21. Re4
Qxf3 22. gxf3 Ng3 23. Rg4 Nxf5 24. Ra2 h5 25. Rg2 Re8 26. Ne4 Be7 27. Ng5 Bxg5
28. Bxg5 Re2 29. Rd2 Rxd2 30. Bxd2 Nh4 31. Rg3 Ne5 32. Kf1 Nexf3 33. Be3 d2 34.
Bd1 Ne1 35. Ke2 Nf5 36. Rg1 Nxe3 37. fxe3 Rd3 38. Bc2 Rxc3 39. Bd1 Rc1 40. Kxd2
Nf3+ 41. Kxc1 Nxg1 42. h4 Nh3 43. Bxh5 g5 44. hxg5 Nxg5 45. Bg4 Ne6 46. Kc2 Kg7
47. Kc3 Kf6 48. Bf3 c6 49. Kc4 Ke5 50. Bh5 f5 51. Kd3 f4 52. exf4+ Nxf4+ 53.
Kc4 Nxh5 54. a4 Nf6 55. a5 Nd7 56. Kb4 Kd5 57. Ka4 c5 58. Kb5 Kd4 59. a6 bxa6+
60. Kxa6 c4 61. Kxa7 c3 62. Ka6 c2 63. Ka5 c1=Q 64. Kb4 Nb6 65. Kb5 Na4 66.
Kxa4 Qb2 67. Ka5 Kc5 0-1

[Event "DEM U10/U10w 2009"]
[Site "Willingen GER"]
[Date "2009.06.03"]
[Round "7"]
[White "Sadewasser, Lucie"]
[Black "Weis, Olga"]
[Result "0-1"]
[Termination "normal"]
[Board "32"]
[WhiteElo "989"]
[BlackElo "1222"]
[PlyCount "64"]
[WhiteFideId "12905445"]
[BlackFideId "1270234"]
[EventCountry "GER"]
[EventRounds "11"]
[EventType "swiss"]
[EventDate "2009.05.30"]

1. e4 c6 2. d4 d5 3. exd5 cxd5 4. Nc3 Bf5 5. Nf3 Nf6 6. Bg5 Ne4 7. Nxe4 Bxe4 8.
Bb5+ Nd7 9. Ne5 Qa5+ 10. Bd2 Qxb5 11. Ng4 e6 12. f3 Bf5 13. Ne3 Bd6 14. Qe2
Qxe2+ 15. Kxe2 Nb6 16. Rhe1 Bxh2 17. Kf2 Nc4 18. Nxf5 e5 19. dxe5 Nxd2 20. b3
g6 21. Ng3 Rc8 22. Re2 Rxc2 23. Nf1 Bf4 24. Rd1 d4 25. Nxd2 d3 26. Re4 Rxd2+
27. Rxd2 Bxd2 28. Rd4 Ke7 29. Rxd3 Rd8 30. Ke2 Rxd3 31. Kxd3 Bf4 32. Ke4 g5 0-1

[Event "DEM U10/U10w 2009"]
[Site "Willingen GER"]
[Date "2009.06.03"]
[Round "7"]
[White "Lehmann, Erik"]
[Black "Simon, Tessa"]
[Result "1-0"]
[Termination "normal"]
[Board "33"]
[WhiteElo "943"]
[BlackElo "1032"]
[PlyCount "91"]
[BlackFideId "12929395"]
[EventCountry "GER"]
[EventRounds "11"]
[EventType "swiss"]
[EventDate "2009.05.30"]

1. c4 e5 2. Nc3 Nf6 3. g3 Nc6 4. Bg2 Bc5 5. d3 d6 6. Bg5 h6 7. Be3 Bb6 8. Nf3
O-O 9. O-O Bf5 10. Nd5 Nxd5 11. cxd5 Nb4 12. Qb3 Ba5 13. Bd2 Qf6 14. Bxb4 Bxb4
15. Qxb4 b6 16. Rac1 Rac8 17. Rc6 Rfe8 18. Rfc1 Re7 19. R1c4 Rd7 20. Qb5 Qg6
21. Qa6 Re7 22. Qxa7 Qf6 23. Rxc7 Rce8 24. Rxe7 Rxe7 25. Qb8+ Kh7 26. Rc7 Rxc7
27. Qxc7 e4 28. Qxb6 exf3 29. Bxf3 Bg6 30. Be4 Bxe4 31. dxe4 Qe5 32. f3 g5 33.
a4 h5 34. a5 Qe7 35. a6 Qd7 36. Qb7 Qa4 37. a7 Qd1+ 38. Kf2 Qd4+ 39. Kg2 Qe3
40. Qa6 g4 41. a8=Q gxf3+ 42. exf3 Qd2+ 43. Kh3 Kg6 44. Qxd6+ f6 45. Qg8+ Kh6
46. Qxf6# 1-0

[Event "DEM U10/U10w 2009"]
[Site "Willingen GER"]
[Date "2009.06.03"]
[Round "7"]
[White "Schamschurko, André"]
[Black "Reimers, Kim"]
[Result "1-0"]
[Termination "normal"]
[Board "34"]
[WhiteElo "1282"]
[BlackElo "901"]
[PlyCount "31"]
[WhiteFideId "24695670"]
[BlackFideId "12930377"]
[EventCountry "GER"]
[EventRounds "11"]
[EventType "swiss"]
[EventDate "2009.05.30"]

1. e4 d5 2. exd5 Qxd5 3. Nc3 Qa5 4. Nf3 Nf6 5. Bc4 Bg4 6. O-O e5 7. Re1 Nbd7 8.
a3 c6 9. d3 Bc5 10. Be3 O-O 11. b4 Bxf3 12. Qxf3 Bxb4 13. axb4 Qxb4 14. Ne4
Nxe4 15. Qxe4 Nf6 16. Bxf7+ 1-0

[Event "DEM U10/U10w 2009"]
[Site "Willingen GER"]
[Date "2009.06.03"]
[Round "7"]
[White "Hutton, Jim"]
[Black "Schneider, Jana"]
[Result "1-0"]
[Termination "normal"]
[Board "35"]
[WhiteElo "1167"]
[BlackElo "886"]
[PlyCount "119"]
[BlackFideId "12924997"]
[EventCountry "GER"]
[EventRounds "11"]
[EventType "swiss"]
[EventDate "2009.05.30"]

1. e4 e5 2. Nf3 Nc6 3. Bb5 Nf6 4. O-O Be7 5. Re1 O-O 6. c3 a6 7. Ba4 b5 8. Bb3
Bb7 9. d4 d6 10. Bg5 Nb8 11. Nbd2 Nbd7 12. dxe5 dxe5 13. Qe2 Nc5 14. Rad1 Qc8
15. Bc2 Qe6 16. a3 Rad8 17. b4 Na4 18. Bxa4 bxa4 19. Bxf6 Bxf6 20. Qc4 Qc6 21.
Qxc6 Bxc6 22. Rc1 Rfe8 23. Nc4 Bb5 24. Nb2 g5 25. h3 h5 26. c4 Bc6 27. Kf1 g4
28. hxg4 hxg4 29. Nh2 Bd7 30. Rcd1 Bh4 31. g3 Bg5 32. c5 Bb5+ 33. Kg2 Rd2 34.
Rg1 Be2 35. Rb1 Rd4 36. f3 gxf3+ 37. Nxf3 Be3 38. Rge1 Bd3 39. Nxd4 Bxb1 40.
Rxb1 exd4 41. Nxa4 Rxe4 42. Kf3 Re5 43. Ke2 f5 44. Kd3 Rd5 45. c6 a5 46. b5 Rd8
47. Rb2 Rb8 48. b6 cxb6 49. Rxb6 Rc8 50. Nc5 Kf7 51. Nb3 Kg6 52. Nxd4 Bf2 53.
c7+ Kg5 54. Ne6+ Kg4 55. Rb8 Rxc7 56. Nxc7 Bxg3 57. Rg8+ Kh3 58. Nd5 f4 59. Rf8
Kg4 60. Ke4 1-0

[Event "DEM U10/U10w 2009"]
[Site "Willingen GER"]
[Date "2009.06.03"]
[Round "7"]
[White "Döpper, Anna Berenice"]
[Black "Schirmer, Christoph"]
[Result "0-1"]
[Termination "normal"]
[Board "36"]
[WhiteElo "919"]
[BlackElo "1092"]
[PlyCount "50"]
[WhiteFideId "1271853"]
[EventCountry "GER"]
[EventRounds "11"]
[EventType "swiss"]
[EventDate "2009.05.30"]

1. e4 d6 2. d4 Nd7 3. Nf3 e5 4. dxe5 dxe5 5. Bc4 Be7 6. O-O c6 7. Nc3 Ngf6 8.
Be3 O-O 9. Qd2 Qc7 10. Rfe1 Rd8 11. Rad1 a6 12. Be2 b5 13. Nb1 b4 14. h3 Nxe4
15. Qc1 a5 16. Bd3 Ndc5 17. Bxc5 Nxc5 18. Nxe5 Ba6 19. Bxa6 Nxa6 20. Rxd8+ Rxd8
21. Nxc6 Qxc6 22. Rxe7 Qd6 23. Re1 Nc5 24. Rd1 Qxd1+ 25. Qxd1 Rxd1+ 0-1

[Event "DEM U10/U10w 2009"]
[Site "Willingen GER"]
[Date "2009.06.03"]
[Round "7"]
[White "Stukenborg, Rudi"]
[Black "Puls, Olivia"]
[Result "1-0"]
[Termination "normal"]
[Board "37"]
[WhiteElo "1035"]
[BlackElo "822"]
[PlyCount "79"]
[WhiteFideId "1270497"]
[EventCountry "GER"]
[EventRounds "11"]
[EventType "swiss"]
[EventDate "2009.05.30"]

1. e4 e5 2. Nc3 Nf6 3. f4 d5 4. fxe5 Nxe4 5. d4 Bb4 6. Bd2 Be7 7. Nf3 O-O 8. g3
Bf5 9. Qe2 Nc6 10. a3 Qd7 11. O-O-O a6 12. Bf4 b5 13. Nxe4 Bxe4 14. Bg2 b4 15.
axb4 Nxb4 16. c3 Qc6 17. Kd2 Nd3 18. Ng5 Bf5 19. Ke3 Nxf4 20. gxf4 Qe6 21. Nxe6
Bxe6 22. Bf3 c5 23. f5 cxd4+ 24. cxd4 Bg5+ 25. Kf2 Bxf5 26. Bxd5 Ra7 27. Be4
Be6 28. h4 Be7 29. Rdg1 Rb8 30. Rb1 a5 31. d5 Bd7 32. d6 Bf8 33. Rhc1 Bb5 34.
Qe3 Rd7 35. Bd5 Re8 36. Qf3 a4 37. Re1 h6 38. b3 a3 39. Ra1 Ra8 40. Bxa8 1-0

[Event "DEM U10/U10w 2009"]
[Site "Willingen GER"]
[Date "2009.06.03"]
[Round "7"]
[White "Reyher, Susan"]
[Black "Riewe, Jana"]
[Result "0-1"]
[Termination "normal"]
[Board "38"]
[WhiteElo "1004"]
[BlackElo "779"]
[PlyCount "40"]
[WhiteFideId "24686107"]
[EventCountry "GER"]
[EventRounds "11"]
[EventType "swiss"]
[EventDate "2009.05.30"]

1. e4 e5 2. d4 exd4 3. c3 Nf6 4. Bd3 Bc5 5. Nf3 Nc6 6. Bg5 O-O 7. e5 Re8 8. O-O
Nxe5 9. Nxe5 Rxe5 10. Bxf6 Qxf6 11. Qg4 d5 12. Qh5 Rxh5 13. Re1 Bg4 14. h3 Bxh3
15. Nd2 Qg5 16. g3 Qf6 17. Re2 dxc3 18. Nb3 Qf3 19. Be4 dxe4 20. Nxc5 Qg2# 0-1

[Event "DEM U10/U10w 2009"]
[Site "Willingen GER"]
[Date "2009.06.03"]
[Round "7"]
[White "Kim, Yu-Mi"]
[Black "Schmitt, Marco"]
[Result "1-0"]
[Termination "normal"]
[Board "39"]
[WhiteElo "824"]
[BlackElo "993"]
[PlyCount "73"]
[WhiteFideId "12955361"]
[EventCountry "GER"]
[EventRounds "11"]
[EventType "swiss"]
[EventDate "2009.05.30"]

1. e4 e5 2. Nf3 Nc6 3. d4 exd4 4. Nxd4 Qh4 5. Nc3 Bb4 6. Qd2 Bxc3 7. Qxc3 Qxe4+
8. Be3 Nf6 9. f3 Qd5 10. Be2 d6 11. Nxc6 Qxc6 12. Qb3 a6 13. Bc4 O-O 14. O-O-O
b5 15. Bd3 Nd5 16. Be4 Qd7 17. Bxd5 Rb8 18. Ba7 Rb7 19. Bxb7 Bxb7 20. Bc5 Re8
21. Qc3 Qc6 22. Bd4 Qxc3 23. Bxc3 h6 24. Rhe1 Rf8 25. Re7 Kh7 26. Rxc7 Bc8 27.
Rxd6 Be6 28. Rxa6 Bc4 29. Bb4 Re8 30. b3 Bf1 31. Rxf7 Bxg2 32. Rb6 Kg8 33. Rbb7
Kh7 34. Rxg7+ Kh8 35. Rxg2 h5 36. Bc3+ Re5 37. Bxe5# 1-0

[Event "DEM U10/U10w 2009"]
[Site "Willingen GER"]
[Date "2009.06.03"]
[Round "7"]
[White "Walker, Julia"]
[Black "Wächter, Nathalie"]
[Result "1-0"]
[Termination "normal"]
[Board "40"]
[WhiteElo "1066"]
[BlackElo "804"]
[PlyCount "29"]
[WhiteFideId "1271852"]
[BlackFideId "12921033"]
[EventCountry "GER"]
[EventRounds "11"]
[EventType "swiss"]
[EventDate "2009.05.30"]

1. e4 e5 2. Nf3 Nc6 3. Bc4 Bc5 4. d3 Nf6 5. Nc3 d6 6. Bg5 O-O 7. Nd5 h6 8.
Nxf6+ Kh8 9. Nh7 hxg5 10. Nxf8 Qxf8 11. Nxg5 d5 12. Bxd5 Be6 13. Bxe6 fxe6 14.
Qh5+ Kg8 15. Qh7# 1-0

[Event "DEM U10/U10w 2009"]
[Site "Willingen GER"]
[Date "2009.06.03"]
[Round "7"]
[White "Wallat, Jessica"]
[Black "Stobbe, Frederik"]
[Result "1/2-1/2"]
[Termination "normal"]
[Board "42"]
[WhiteElo "1045"]
[BlackElo "1185"]
[PlyCount "79"]
[WhiteFideId "12909637"]
[EventCountry "GER"]
[EventRounds "11"]
[EventType "swiss"]
[EventDate "2009.05.30"]

1. e4 c5 2. Nf3 e6 3. d4 cxd4 4. Nxd4 Nf6 5. Nc3 Bb4 6. Bd3 d5 7. e5 Nfd7 8.
Bf4 Nc6 9. Nxc6 bxc6 10. O-O Qc7 11. Re1 d4 12. a3 Bxc3 13. bxc3 dxc3 14. Qg4
g6 15. h3 Bb7 16. Rad1 Nc5 17. Bh6 Nxd3 18. Rxd3 Rd8 19. Rxc3 Qa5 20. Ree3 Rd5
21. Qg5 c5 22. Red3 Bc6 23. Rxd5 exd5 24. Rf3 Qd8 25. Qxd8+ Kxd8 26. Rxf7 Re8
27. Rf6 Bb5 28. Bg5 Kc8 29. e6 Re7 30. Rf8+ Re8 31. e7 Kd7 32. Rxe8 Kxe8 33.
Kh2 d4 34. Kg3 Ba4 35. Kf3 Bxc2 36. Ke2 c4 37. Kd2 Be4 38. f3 Bc6 39. h4 a6 40.
Bf6 1/2-1/2

[Event "DEM U10/U10w 2009"]
[Site "Willingen GER"]
[Date "2009.06.03"]
[Round "7"]
[White "Michalowski, Sophia"]
[Black "Lederer, Leia"]
[Result "0-1"]
[Termination "normal"]
[Board "43"]
[WhiteElo "951"]
[BlackElo "944"]
[PlyCount "58"]
[WhiteFideId "12902454"]
[BlackFideId "12926353"]
[EventCountry "GER"]
[EventRounds "11"]
[EventType "swiss"]
[EventDate "2009.05.30"]

1. d4 Nf6 2. c4 e6 3. Nc3 Bb4 4. Bg5 Bxc3+ 5. bxc3 c5 6. d5 exd5 7. cxd5 O-O 8.
e4 Qa5 9. Bxf6 gxf6 10. Qg4+ Kh8 11. Qg3 b6 12. Be2 Re8 13. Bd3 Qxc3+ 14. Kf1
Qxa1+ 15. Ke2 Qxa2+ 16. Kf1 Qd2 17. f3 Qxd3+ 18. Ne2 Ba6 19. Qf2 d6 20. Ke1 Nd7
21. Nc1 Qc3+ 22. Qd2 Qa1 23. Kf2 Ne5 24. Re1 Nc4 25. Qa2 Qd4+ 26. Kg3 Rg8+ 27.
Kh3 Bc8+ 28. Kh4 Qe5 29. h3 Qg5# 0-1

[Event "DEM U10/U10w 2009"]
[Site "Willingen GER"]
[Date "2009.06.03"]
[Round "7"]
[White "Lohmüller, Gedeon"]
[Black "Dopmann, Sina"]
[Result "1/2-1/2"]
[Termination "normal"]
[Board "44"]
[WhiteElo "1015"]
[BlackElo "1035"]
[PlyCount "54"]
[EventCountry "GER"]
[EventRounds "11"]
[EventType "swiss"]
[EventDate "2009.05.30"]

1. e4 e5 2. Nf3 d6 3. Bc4 Be7 4. d4 Nd7 5. Nc3 Ngf6 6. O-O O-O 7. Re1 c6 8. a4
Qc7 9. Bg5 b6 10. Bxf6 Nxf6 11. d5 c5 12. h3 Bb7 13. Nh2 a6 14. Nf1 Rfb8 15.
Ne3 Bc8 16. Qd2 Bd7 17. Red1 Qb7 18. Qd3 Qc7 19. Nf5 Bxf5 20. exf5 Qd7 21. Kf1
Nh5 22. g3 Bg5 23. Qf3 Nf6 24. h4 Bh6 25. g4 Bf4 26. g5 Ne8 27. Qd3 a5 1/2-1/2

[Event "DEM U10/U10w 2009"]
[Site "Willingen GER"]
[Date "2009.06.03"]
[Round "7"]
[White "Mehsin, Yazan"]
[Black "Gheng, Christian"]
[Result "0-1"]
[Termination "normal"]
[Board "46"]
[WhiteElo "1180"]
[BlackElo "1386"]
[PlyCount "64"]
[BlackFideId "24660345"]
[EventCountry "GER"]
[EventRounds "11"]
[EventType "swiss"]
[EventDate "2009.05.30"]

1. e4 c5 2. Nf3 d6 3. d4 cxd4 4. Nxd4 Nf6 5. Nc3 g6 6. Bc4 Bg7 7. O-O O-O 8.
Bg5 Nc6 9. Nxc6 bxc6 10. Bxf6 Bxf6 11. Qf3 Bb7 12. Rfe1 c5 13. Bd5 Bxc3 14.
Qxc3 Bxd5 15. exd5 Re8 16. Qe3 e6 17. dxe6 Rxe6 18. Qh6 Rxe1+ 19. Rxe1 Qa5 20.
Ra1 Re8 21. Qc1 Qb4 22. c3 Qe4 23. h3 Qd3 24. Qf4 Re2 25. Qc1 Rc2 26. Qe1 Rxb2
27. Kh2 Qe2 28. Qh1 Qxf2 29. Rf1 Qd2 30. Rd1 Qxc3 31. Rxd6 Qe5+ 32. Kg1 Rb1+
0-1

[Event "DEM U10/U10w 2009"]
[Site "Willingen GER"]
[Date "2009.06.04"]
[Round "8"]
[White "Sawlin, Leonid"]
[Black "Mager, Denis"]
[Result "1-0"]
[Termination "normal"]
[Board "1"]
[WhiteElo "1853"]
[BlackElo "1497"]
[PlyCount "131"]
[WhiteFideId "4689542"]
[BlackFideId "24691127"]
[EventCountry "GER"]
[EventRounds "11"]
[EventType "swiss"]
[EventDate "2009.05.30"]

1. e4 e6 2. d4 d5 3. Nc3 Bb4 4. e5 Qd7 5. Qg4 f5 6. Qg3 b6 7. a3 Bf8 8. Bb5 c6
9. Bd3 Ba6 10. Nce2 h6 11. f4 Bxd3 12. Qxd3 Ne7 13. Nf3 Qc7 14. h3 Nd7 15. g4
c5 16. c3 cxd4 17. Nexd4 Nc5 18. Qc2 Qd7 19. gxf5 Nxf5 20. Nxf5 exf5 21. Nd4
Ne4 22. Be3 Bc5 23. e6 Qe7 24. Nxf5 Qf6 25. Qa4+ Kf8 26. Qc6 Qxf5 27. Qxa8+ Ke7
28. Bxc5+ Nxc5 29. Qxa7+ Kf8 30. Qb8+ Ke7 31. Qc7+ Ke8 32. Qf7+ Qxf7 33. exf7+
Kxf7 34. O-O-O Rd8 35. c4 d4 36. b4 Ne4 37. Rhf1 Nc3 38. Rd3 Rc8 39. Kb2 Rxc4
40. Kb3 b5 41. Re1 Kf6 42. Re5 g6 43. Rc5 Ne2 44. Rxc4 bxc4+ 45. Kxc4 Nxf4 46.
Rxd4 Nxh3 47. Rh4 Ng5 48. Rxh6 Nf7 49. Rh1 Ke6 50. Kc5 Kd7 51. Rh7 Ke6 52. Rxf7
Kxf7 53. Kd5 Kf6 54. Ke4 g5 55. a4 Ke6 56. a5 Kd6 57. Kf5 Kc6 58. Kxg5 Kd6 59.
Kf5 Kd5 60. b5 Kc5 61. b6 Kc6 62. Ke6 Kb7 63. Kd7 Kb8 64. a6 Ka8 65. b7+ Kb8
66. Kc6 1-0

[Event "DEM U10/U10w 2009"]
[Site "Willingen GER"]
[Date "2009.06.04"]
[Round "8"]
[White "Brandl, Lea Maria"]
[Black "Lagunow, Raphael"]
[Result "0-1"]
[Termination "normal"]
[Board "2"]
[WhiteElo "1438"]
[BlackElo "1491"]
[PlyCount "112"]
[WhiteFideId "24693049"]
[BlackFideId "24652644"]
[EventCountry "GER"]
[EventRounds "11"]
[EventType "swiss"]
[EventDate "2009.05.30"]

1. d4 Nf6 2. c4 g6 3. Nc3 Bg7 4. e4 d6 5. e5 dxe5 6. dxe5 Qxd1+ 7. Nxd1 Ne4 8.
Nf3 Nc6 9. Bf4 Bd7 10. Ne3 O-O-O 11. Bd3 Nc5 12. Be2 Nb4 13. O-O Ncd3 14. Bxd3
Nxd3 15. Bg3 Nxb2 16. Rab1 Nd3 17. Rfd1 Ba4 18. Rd2 Bh6 19. Bh4 Rd7 20. Ne1
Nxe5 21. Rxd7 Bxd7 22. Bxe7 Re8 23. Bh4 Be6 24. c5 Bf8 25. Bg3 Nc6 26. Nd3 Bxa2
27. Ra1 Be6 28. Rc1 Rd8 29. Nf4 Nd4 30. Kf1 Nb3 31. Re1 Nxc5 32. Bh4 Rd7 33.
Nxe6 Nxe6 34. Ng4 Rd2 35. f3 c5 36. Ne5 f5 37. Nc4 Rd4 38. Rxe6 Rxc4 39. Re8+
Kd7 40. Rxf8 Rxh4 41. Rf7+ Kc6 42. Rf6+ Kd5 43. Rf7 b5 44. Rxa7 b4 45. Ra1 c4
46. Rd1+ Rd4 47. Rb1 c3 48. Ke2 c2 49. Ra1 b3 50. Ra5+ Kc4 51. Ra4+ Kc3 52.
Rxd4 Kxd4 53. Kd2 Kc4 54. g4 Kb4 55. h4 Ka3 56. gxf5 gxf5 0-1

[Event "DEM U10/U10w 2009"]
[Site "Willingen GER"]
[Date "2009.06.04"]
[Round "8"]
[White "Baskin, Robert"]
[Black "Schmekel, Florian"]
[Result "1-0"]
[Termination "normal"]
[Board "3"]
[WhiteElo "1697"]
[BlackElo "1410"]
[PlyCount "69"]
[WhiteFideId "24662402"]
[BlackFideId "12913456"]
[EventCountry "GER"]
[EventRounds "11"]
[EventType "swiss"]
[EventDate "2009.05.30"]

1. e4 c5 2. Nf3 Nc6 3. d4 cxd4 4. Nxd4 g6 5. Nc3 Bg7 6. Be3 Nf6 7. Nb3 O-O 8.
Be2 d6 9. O-O Be6 10. f4 Qd7 11. h3 a6 12. Bf3 Rac8 13. Nd5 Bxd5 14. exd5 Nb4
15. c3 Nbxd5 16. Bxd5 e6 17. Bf3 d5 18. Bd4 Qd6 19. Be5 Qb6+ 20. Qd4 Qxd4+ 21.
Nxd4 Nd7 22. Bxg7 Kxg7 23. Nb3 Rc4 24. Be2 Re4 25. Bd3 Re3 26. Rad1 Nb6 27. Kf2
d4 28. Nxd4 Nd5 29. c4 Rxd3 30. Rxd3 Nxf4 31. Rf3 e5 32. Ne2 Nxe2 33. Kxe2 e4
34. Rf4 f5 35. g4 1-0

[Event "DEM U10/U10w 2009"]
[Site "Willingen GER"]
[Date "2009.06.04"]
[Round "8"]
[White "Dürr, Florian"]
[Black "Essler, Oskar"]
[Result "1-0"]
[Termination "normal"]
[Board "4"]
[WhiteElo "1649"]
[BlackElo "1341"]
[PlyCount "125"]
[WhiteFideId "24659134"]
[BlackFideId "12918024"]
[EventCountry "GER"]
[EventRounds "11"]
[EventType "swiss"]
[EventDate "2009.05.30"]

1. e4 e6 2. b3 d5 3. Bb2 c5 4. exd5 exd5 5. Nf3 Nc6 6. Bb5 Bd7 7. Qe2+ Qe7 8.
O-O Qxe2 9. Bxe2 Nf6 10. Bb5 O-O-O 11. Ng5 Be6 12. Bxc6 bxc6 13. h3 h6 14. Nxe6
fxe6 15. Re1 Kd7 16. d3 Bd6 17. Nd2 Rhf8 18. Nf3 d4 19. Ne5+ Bxe5 20. Rxe5 Nd5
21. a3 Rf6 22. Rf1 Rdf8 23. Bc1 Kd6 24. Ree1 g5 25. Bd2 Rf5 26. Re2 h5 27. g3
g4 28. hxg4 hxg4 29. Kg2 e5 30. Rh1 R5f7 31. Rh6+ Rf6 32. Rxf6+ Rxf6 33. Re1
Nc3 34. Bxc3 dxc3 35. Re4 Kd5 36. Rxg4 Re6 37. Re4 a6 38. f3 Re7 39. a4 a5 40.
Kf2 Re6 41. Rc4 Rh6 42. Kg2 Rf6 43. g4 Rf4 44. Kg3 Rxc4 45. dxc4+ Kd4 46. Kf2
e4 47. f4 e3+ 48. Ke2 Ke4 49. g5 Kf5 50. Kxe3 Kg6 51. Ke4 Kg7 52. f5 Kf7 53.
Ke5 Kg7 54. Ke6 Kg8 55. f6 Kf8 56. g6 Ke8 57. g7 Kd8 58. g8=Q+ Kc7 59. Qg7+ Kb6
60. f7 Ka6 61. f8=Q Kb6 62. Qb8+ Ka6 63. Qga7# 1-0

[Event "DEM U10/U10w 2009"]
[Site "Willingen GER"]
[Date "2009.06.04"]
[Round "8"]
[White "Ovsepyan, Arshak"]
[Black "Pallas, Sebastian"]
[Result "1-0"]
[Termination "normal"]
[Board "5"]
[WhiteElo "1863"]
[BlackElo "1334"]
[PlyCount "67"]
[WhiteFideId "24690236"]
[BlackFideId "12905453"]
[EventCountry "GER"]
[EventRounds "11"]
[EventType "swiss"]
[EventDate "2009.05.30"]

1. e4 c5 2. c3 d5 3. exd5 Qxd5 4. d4 cxd4 5. cxd4 Nc6 6. Nf3 Bg4 7. Nc3 Qd8 8.
d5 Nb8 9. Bf4 e6 10. Bxb8 Rxb8 11. Qa4+ Ke7 12. Qxg4 Nf6 13. Qb4+ Qd6 14. Qxd6+
Kxd6 15. O-O-O exd5 16. Bc4 Rc8 17. Bxd5 Nxd5 18. Rxd5+ Kc6 19. Ne5+ Kb6 20.
Nxf7 Rg8 21. Nd6 Bxd6 22. Rxd6+ Rc6 23. Rxc6+ Kxc6 24. Re1 Rf8 25. f3 Kd7 26.
Kd2 Rd8 27. Re3 Kc6+ 28. Rd3 Re8 29. Ne4 Re6 30. a4 Rg6 31. g3 Rh6 32. h4 a5
33. Kc3 Rh5 34. Kc4 1-0

[Event "DEM U10/U10w 2009"]
[Site "Willingen GER"]
[Date "2009.06.04"]
[Round "8"]
[White "Scholz, Robert"]
[Black "Kaplun, David"]
[Result "1-0"]
[Termination "normal"]
[Board "6"]
[WhiteElo "1497"]
[BlackElo "1312"]
[PlyCount "101"]
[WhiteFideId "1270301"]
[BlackFideId "12901954"]
[EventCountry "GER"]
[EventRounds "11"]
[EventType "swiss"]
[EventDate "2009.05.30"]

1. e4 c5 2. Nc3 a6 3. a4 Nc6 4. Bc4 e6 5. d3 h6 6. f4 Nge7 7. Nf3 d5 8. Ba2 Rb8
9. O-O b5 10. axb5 axb5 11. Qe1 b4 12. Ne2 Qb6 13. Kh1 Ra8 14. Bd2 Bb7 15. Ng3
g6 16. exd5 exd5 17. Bxd5 Rxa1 18. Bxc6+ Qxc6 19. Qxa1 Bg7 20. Rf2 O-O 21. Ne5
Qd5 22. Qe1 Re8 23. Qe4 Qxe4 24. Nxe4 Bxe4 25. dxe4 Rd8 26. h3 Bxe5 27. fxe5
Nc6 28. Bxh6 Nxe5 29. Rd2 Rxd2 30. Bxd2 Nc4 31. Bc1 Nd6 32. Be3 Nxe4 33. b3 Kf8
34. g4 Ke7 35. Kg2 Kd6 36. Kf3 Ke5 37. g5 Kf5 38. h4 Ke5 39. Kg4 Kd5 40. Kf4
Nd6 41. Bf2 Nf5 42. h5 Nd4 43. Bxd4 Kxd4 44. h6 Kc3 45. h7 Kxc2 46. h8=Q Kxb3
47. Ke3 Ka2 48. Kd2 c4 49. Kc2 b3+ 50. Kc1 b2+ 51. Qxb2# 1-0

[Event "DEM U10/U10w 2009"]
[Site "Willingen GER"]
[Date "2009.06.04"]
[Round "8"]
[White "Bauer, Björn-Benny"]
[Black "Rempe, Moritz"]
[Result "1/2-1/2"]
[Termination "normal"]
[Board "7"]
[WhiteElo "1603"]
[BlackElo "1362"]
[PlyCount "58"]
[WhiteFideId "24698741"]
[BlackFideId "12906867"]
[EventCountry "GER"]
[EventRounds "11"]
[EventType "swiss"]
[EventDate "2009.05.30"]

1. d4 d5 2. c4 e6 3. Nf3 c5 4. Bf4 Nc6 5. e3 Nf6 6. Nc3 a6 7. cxd5 exd5 8. Ne5
cxd4 9. Nxc6 bxc6 10. exd4 Bd6 11. Bg3 O-O 12. Be2 Re8 13. O-O Bxg3 14. hxg3
Bd7 15. Bf3 Qc8 16. Na4 Rb8 17. b3 Bg4 18. Rc1 Bxf3 19. Qxf3 Ne4 20. Rc2 Qe6
21. Rfc1 Rec8 22. Qd3 a5 23. Nc5 Nxc5 24. Rxc5 Rb5 25. Rxb5 cxb5 26. Rxc8+ Qxc8
27. Qxb5 Qc1+ 28. Kh2 Qh6+ 29. Kg1 Qc1+ 1/2-1/2

[Event "DEM U10/U10w 2009"]
[Site "Willingen GER"]
[Date "2009.06.04"]
[Round "8"]
[White "Paulsen, Alexej"]
[Black "Litzka, Richard"]
[Result "1/2-1/2"]
[Termination "normal"]
[Board "8"]
[WhiteElo "1549"]
[BlackElo "1330"]
[PlyCount "39"]
[WhiteFideId "24662372"]
[EventCountry "GER"]
[EventRounds "11"]
[EventType "swiss"]
[EventDate "2009.05.30"]

1. e4 c5 2. Nf3 e6 3. d4 cxd4 4. Nxd4 a6 5. Nc3 b5 6. Bd3 Bb7 7. O-O Nc6 8.
Nxc6 Bxc6 9. a3 d6 10. Be3 Nf6 11. Re1 Be7 12. Bd4 e5 13. Be3 O-O 14. Qe2 Qc7
15. f4 exf4 16. Bxf4 Nd7 17. Rad1 Ne5 18. Qe3 Rfe8 19. Be2 Rad8 20. Bg3 1/2-1/2